00905nam a22002657a 45000010005000000030006000050050017000110080041000280200017000690400029000860500013001150820008001281000030001362450104001662500009002702600032002793000045003115050007003565200152003635210019005155210018005346500025005526500023005777000039006004820FISKH20241108093030.0241016b cb ||||| |||| 00| 0 eng d a708431211599 aFISKHbengcFISKHdFISKH aPZ7.O222 a428 aO'Connor, Janed(1947–) aFancy nancy at the museum /cby Jane O'Connor illustration based on the art of Robin Preiss Glasser a2007 aCanada :bLeap Frog,c2007. a29 pages :bColor illustrations ;c24 cm aJ  aAlthough excited at the prospect of a fancy class trip to the art museum, the bumpy bus ride to get there leaves Nancy feeling anything but fancy. 8 a460L bLexile 8 aJ bRaz-Plus  2Fancy NancyaMuseums 2Field tripaSchool aGlasser, Preiss RobindIllustrator